[Event "Leningrad"]
[Site "Leningrad"]
[Date "1987.??.??"]
[Round "?"]
[White "Sokolov, Andrei"]
[Black "Tukmakov, Vladimir B"]
[Result "1/2-1/2"]
[WhiteElo "2645"]
[BlackElo "2575"]
[PlyCount "59"]
[EventDate "1987.05.??"]
[Source "ChessBase"]

1. e4 e5 2. Nf3 Nc6 3. Bb5 Nd4 4. Nxd4 exd4 5. Bc4 Nf6 6. O-O Nxe4 7. Bxf7+ Kxf7 8. Qh5+ g6 9. Qd5+ Kg7 10. Qxe4 Qf6 11. d3 Bc5 12. Nd2 Rf8 13. Nf3 h6 14. c3 dxc3 15. d4 Bb6 16. bxc3 d6 17. h4 Be6 18. Re1 Rae8 19. Bd2 Qf5 20. Qe3 Qh5 21. a4 a5 22. Qe4 Bd5 23. Qxe8 Rxe8 24. Rxe8 Bxf3 25. gxf3 Qxf3 26. Rae1 Qg4+ 27. Kf1 Qh3+ 28. Kg1 Qg4+ 29. Kf1 Qh3+ 30. Kg1 1/2-1/2

[Event "URS-FL"]
[Site "Sverdlovsk"]
[Date "1987.??.??"]
[Round "?"]
[White "Psakhis, Lev B"]
[Black "Tukmakov, Vladimir B"]
[Result "1/2-1/2"]
[WhiteElo "2575"]
[BlackElo "2575"]
[PlyCount "27"]
[EventDate "1987.11.??"]
[Source "www.chesslib.no"]
[SourceDate "2004.05.04"]

1. e4 e5 2. Nf3 Nc6 3. Bb5 Nd4 4. Nxd4 exd4 5. O-O c6 6. Bc4 Nf6 7. Re1 d6 8. c3 Be7 9. Bf1 dxc3 10. Nxc3 O-O 11. d4 d5 12. e5 Ne8 13. Bd3 f5 14. Ne2 1/2-1/2

[Event "Belorechensk RUS"]
[Site "?"]
[Date "2005.06.??"]
[Round "?"]
[White "Tseshkovsky Vitaly"]
[Black "Malaniuk Vladimir P"]
[Result "1/2-1/2"]
[WhiteElo "2600"]
[BlackElo "2526"]
[PlyCount "20"]
[EventDate "2005.??.??"]
[Source "www.chesslib.no"]
[SourceDate "2004.05.04"]

1. e4 e5 2. Nf3 Nc6 3. Bb5 Nd4 4. Nxd4 exd4 5. O-O c6 6. Bc4 Nf6 7. d3 d5 8. exd5 Nxd5 9. Re1+ Be7 10. Qe2 Be6 1/2-1/2

[Event "Moscow"]
[Site "?"]
[Date "1987.??.??"]
[Round "?"]
[White "Hjartartson, J."]
[Black "Malaniuk, V."]
[Result "1-0"]
[WhiteElo "2545"]
[BlackElo "2575"]
[PlyCount "87"]
[EventDate "1987.??.??"]
[Source "ChessBase"]
[SourceDate "1987.07.01"]

1. e4 e5 2. Nf3 Nc6 3. Bb5 Nd4 4. Nxd4 exd4 5. O-O Bc5 6. Qf3 Ne7 7. d3 c6 8. Bc4 d5 9. Bb3 O-O 10. exd5 cxd5 11. Bg5 f6 12. Bf4 a5 13. a4 Be6 14. Na3 g5 15. Bd2 Qd7 16. Nb5 Bb6 17. Rfe1 Rf7 18. c4 dxc3 19. Bxc3 Rd8 20. h3 Ng6 21. Bd4 Nh4 22. Qe3 Nf5 23. Qxe6 Qxe6 24. Rxe6 Bxd4 25. g4 Bxb2 26. Rb1 Nd4 27. Rd6 Rxd6 28. Nxd6 Rd7 29. Bxd5+ Kf8 30. Rxb2 Rxd6 31. Bxb7 Ne6 32. Be4 Nc5 33. Rb5 Nxa4 34. Rxa5 Nc3 35. Bxh7 Ne2+ 36. Kh2 Nf4 37. Ra2 Ke7 38. Rd2 Ke6 39. Kg3 Ke5 40. h4 gxh4+ 41. Kxh4 Rd4 42. Kg3 Ra4 43. Rb2 Rd4 44. Kf3 1-0

[Event "New York op"]
[Site "New York"]
[Date "1988.??.??"]
[Round "?"]
[White "Ivanovic, Bozidar"]
[Black "Tukmakov, Vladimir B"]
[Result "1/2-1/2"]
[WhiteElo "2530"]
[BlackElo "2570"]
[PlyCount "22"]
[EventDate "1988.03.??"]
[Source "ChessBase"]

1. e4 e5 2. Nf3 Nc6 3. Bb5 Nd4 4. Ba4 Bc5 5. O-O Nxf3+ 6. Qxf3 Qf6 7. Qxf6 Nxf6 8. d3 h6 9. Nc3 Ke7 10. Bb3 d6 11. Bd2 Be6 1/2-1/2

[Event "Tbilisi"]
[Site "?"]
[Date "1986.??.??"]
[Round "?"]
[White "Romanishin, O."]
[Black "Malaniuk, V."]
[Result "1/2-1/2"]
[WhiteElo "2560"]
[BlackElo "2535"]
[PlyCount "45"]
[EventDate "1986.??.??"]
[Source "ChessBase"]
[SourceDate "1986.07.01"]

1. e4 e5 2. Nf3 Nc6 3. Bb5 Nd4 4. Bc4 Bc5 5. Nxd4 Bxd4 6. c3 Bb6 7. d4 Qe7 8. O-O Nf6 9. a4 a6 10. Be3 Nxe4 11. Re1 O-O 12. Bd5 Nf6 13. dxe5 Nxd5 14. Qxd5 Bxe3 15. Rxe3 Rb8 16. Nd2 b5 17. Qd4 bxa4 18. Ne4 Kh8 19. Re2 a3 20. b4 a5 21. bxa5 Rb5 22. Ng3 Rxa5 23. Nf5 1/2-1/2

[Event "Novak Nikolic mem 2nd"]
[Site "Belgrade"]
[Date "2000.02.07"]
[Round "5"]
[White "Zontakh, Andrey"]
[Black "Solak, Dragan"]
[Result "1-0"]
[WhiteElo "2576"]
[BlackElo "2515"]
[PlyCount "119"]
[EventDate "2000.02.02"]
[Source "ChessBase"]
[SourceDate "2000.05.31"]

1. e4 e5 2. Nf3 Nc6 3. Bb5 Nd4 4. Nxd4 exd4 5. O-O Bc5 6. d3 c6 7. Ba4 Ne7 8. f4 d5 9. f5 O-O 10. Bf4 a5 11. a3 Bd6 12. Nd2 Bxf4 13. Rxf4 dxe4 14. dxe4 b5 15. Bb3 c5 16. Qh5 c4 17. Ba2 d3 18. cxd3 Qxd3 19. Rf2 Ra6 20. Rc1 Qe3 21. Rcf1 Rh6 22. Qg4 Rg6 23. Qh4 Rf6 24. Nf3 Nc6 25. Re1 Qc5 26. e5 Rxf5 27. Bb1 Re8 28. Bxf5 Bxf5 29. Qf4 Bg6 30. Qd2 b4 31. axb4 axb4 32. Qd6 Qxd6 33. exd6 Rd8 34. Nh4 Bd3 35. Nf5 Bxf5 36. Rxf5 f6 37. Rb5 Rxd6 38. Rb6 c3 39. bxc3 bxc3 40. Rc1 Nd4 41. Rxd6 Ne2+ 42. Kf2 Nxc1 43. Ke3 Na2 44. Kd3 Nc1+ 45. Kxc3 Ne2+ 46. Kc4 Nf4 47. g3 Nh3 48. Rd7 h6 49. Kd5 Kh7 50. Ke6 Kg6 51. Ke7 Kg5 52. Kf8 g6 53. Kg7 h5 54. Rd6 h4 55. Rxf6 hxg3 56. hxg3 Kh5 57. Rxg6 Nf2 58. Kf7 Ng4 59. Rg7 Ne5+ 60. Ke6 1-0

[Event "Erevan"]
[Site "?"]
[Date "1986.??.??"]
[Round "?"]
[White "Romanishin, O."]
[Black "Balashov, Y."]
[Result "1-0"]
[WhiteElo "2560"]
[BlackElo "2515"]
[PlyCount "69"]
[EventDate "1986.??.??"]
[Source "ChessBase"]
[SourceDate "1986.07.01"]

1. e4 e5 2. Nf3 Nc6 3. Bb5 Nd4 4. Nxd4 exd4 5. O-O Bc5 6. Bc4 d6 7. c3 Nf6 8. cxd4 Bxd4 9. Qa4+ Kf8 10. Nc3 c6 11. Be2 Qb6 12. d3 Be6 13. Bf3 Ng4 14. Bxg4 Bxg4 15. h3 Be6 16. Ne2 Bc5 17. d4 Qb4 18. Qd1 Bb6 19. b3 f6 20. Bd2 Qb5 21. Be3 Re8 22. Rc1 Qh5 23. Qd2 d5 24. e5 Kg8 25. exf6 gxf6 26. a4 Bc7 27. Bf4 Bxf4 28. Nxf4 Qg5 29. Rc3 Kf7 30. Rg3 Qh6 31. Re1 Re7 32. Qc1 a5 33. Nxe6 Qxc1 34. Rg7+ Ke8 35. Rxc1 1-0

[Event "Krasnodar (Russia)"]
[Site "?"]
[Date "2003.??.??"]
[Round "?"]
[White "Panarin Michail"]
[Black "Tseshkovsky Vitaly"]
[Result "0-1"]
[WhiteElo "2482"]
[BlackElo "2577"]
[PlyCount "66"]
[EventDate "2003.??.??"]
[Source "www.chesslib.no"]
[SourceDate "2004.05.04"]

1. e4 e5 2. Nf3 Nc6 3. Bb5 Nd4 4. Nxd4 exd4 5. O-O Bc5 6. Qh5 Qe7 7. d3 Nf6 8. Qh4 c6 9. Bc4 h6 10. f4 d5 11. exd5 Nxd5 12. Re1 Be6 13. Qg3 Ne3 14. Bxe6 fxe6 15. Bxe3 dxe3 16. c3 O-O 17. b4 Bd6 18. Qxe3 Bxf4 19. Qxe6+ Qxe6 20. Rxe6 Rae8 21. Rxe8 Rxe8 22. Kf1 Bxh2 23. Nd2 Re3 24. Nf3 Bg3 25. Rd1 g5 26. Nd4 Re5 27. Ne2 Rf5+ 28. Kg1 Bf2+ 29. Kh2 Bb6 30. Ng3 Bc7 31. Re1 g4 32. Re3 Bf4 33. Kh1 Rg5 0-1

[Event "Wch U20"]
[Site "Baguio City PHI"]
[Date "1987.??.??"]
[Round "?"]
[White "Klinger, Josef"]
[Black "Agdestein, Simen"]
[Result "1/2-1/2"]
[WhiteElo "2490"]
[BlackElo "2560"]
[PlyCount "93"]
[EventDate "1987.07.??"]
[Source "www.chesslib.no"]
[SourceDate "2004.05.04"]

1. e4 e5 2. Nf3 Nc6 3. Bb5 Nd4 4. Bc4 Nxf3+ 5. Qxf3 Nf6 6. d3 Bc5 7. Nd2 c6 8. Nf1 d5 9. exd5 cxd5 10. Bb3 O-O 11. Be3 Bd6 12. h3 a5 13. a4 e4 14. dxe4 dxe4 15. Qe2 Be5 16. c3 b6 17. Rd1 Qc7 18. Bd4 Ba6 19. Bxe5 Qxe5 20. Bc4 Bxc4 21. Qxc4 Nh5 22. Rd5 Qe6 23. g3 Nf6 24. Rd4 Qxc4 25. Rxc4 Rfb8 26. Kd2 b5 27. Rd4 bxa4 28. Kc2 Rb5 29. Nd2 Rab8 30. Nc4 Rf5 31. Rf1 h5 32. Nd6 Rf3 33. Nxe4 Nxe4 34. Rxe4 Rb5 35. Rxa4 Rbf5 36. Rd4 Rxf2+ 37. Rxf2 Rxf2+ 38. Rd2 Rf5 39. c4 g5 40. Rd5 Rxd5 41. cxd5 f5 42. Kd3 Kf7 43. Kd4 Kf6 44. d6 Ke6 45. d7 Kxd7 46. Ke5 f4 47. gxf4 1/2-1/2

[Event "Ch"]
[Site "?"]
[Date "2002.??.??"]
[Round "10"]
[White "Guseinov Gadir"]
[Black "Mamedyarov Shakhriyar"]
[Result "1/2-1/2"]
[WhiteElo "2526"]
[BlackElo "2522"]
[PlyCount "37"]
[EventDate "2002.??.??"]
[Source "www.chesslib.no"]
[SourceDate "2004.05.04"]

1. e4 e5 2. Nf3 Nc6 3. Bb5 Nd4 4. Be2 Nxf3+ 5. Bxf3 Bc5 6. c3 Qf6 7. b4 Bb6 8. Na3 c6 9. Nc4 Bc7 10. d4 d6 11. O-O Ne7 12. dxe5 dxe5 13. Bg4 Qg6 14. Bxc8 Rxc8 15. Qe2 O-O 16. a4 f5 17. Ba3 fxe4 18. Nd2 Nd5 19. Nxe4 1/2-1/2

[Event "7. UI&UL GM"]
[Site "?"]
[Date "2005.04.08"]
[Round "4"]
[White "Ganguly Surya Shekhar"]
[Black "Abdulla Al-Rakib"]
[Result "1-0"]
[WhiteElo "2583"]
[BlackElo "2462"]
[PlyCount "37"]
[EventDate "2005.??.??"]
[Source "www.chesslib.no"]
[SourceDate "2004.05.04"]

1. e4 e5 2. Nf3 Nc6 3. Bb5 Nd4 4. Nxd4 exd4 5. Bc4 Nf6 6. O-O Nxe4 7. Bxf7+ Kxf7 8. Qh5+ g6 9. Qd5+ Kg7 10. Qxe4 Qf6 11. d3 Bc5 12. Nd2 d6 13. Nf3 Be6 14. Bg5 Qf5 15. Qh4 h6 16. Nxd4 Bxd4 17. Qxd4+ Kh7 18. Bd2 Rhf8 19. Rae1 1-0

[Event "tt"]
[Site "Sverdlovsk tt"]
[Date "1989.??.??"]
[Round "?"]
[White "Oll, Lembit"]
[Black "Malaniuk, Vladimir P"]
[Result "1/2-1/2"]
[WhiteElo "2510"]
[BlackElo "2520"]
[PlyCount "46"]
[EventDate "1989.??.??"]
[Source "www.chesslib.no"]
[SourceDate "2004.05.04"]

1. e4 e5 2. Nf3 Nc6 3. Bb5 Nd4 4. Nxd4 exd4 5. O-O Bc5 6. Bc4 d6 7. c3 c6 8. d3 Ne7 9. cxd4 Bxd4 10. Nc3 O-O 11. Be3 Bxe3 12. fxe3 d5 13. exd5 cxd5 14. Bb3 d4 15. exd4 Qxd4+ 16. Kh1 Be6 17. Bxe6 fxe6 18. Qe2 e5 19. Nb5 Qd7 20. Qxe5 Ng6 21. Qc5 Rxf1+ 22. Rxf1 Rc8 23. Qd6 Qxd6 1/2-1/2

[Event "Aberto do Brasil BCX, Brasilia BRA"]
[Site "?"]
[Date "2001.??.??"]
[Round "7"]
[White "Zapata, A."]
[Black "Lima, Da"]
[Result "1-0"]
[WhiteElo "2485"]
[BlackElo "2540"]
[PlyCount "71"]
[EventDate "2001.??.??"]
[Source "www.chesslib.no"]
[SourceDate "2004.05.04"]

1. e4 e5 2. Nf3 Nc6 3. Bb5 Nd4 4. Nxd4 exd4 5. O-O g6 6. c3 Bg7 7. cxd4 Bxd4 8. Nc3 Ne7 9. d3 c6 10. Bc4 O-O 11. Bh6 Bg7 12. Bxg7 Kxg7 13. Qf3 d6 14. Qg3 Be6 15. f4 d5 16. Bb3 dxe4 17. Bxe6 fxe6 18. dxe4 Rf7 19. Kh1 Qa5 20. Qh3 e5 21. f5 Raf8 22. g4 h6 23. Rf3 Rf6 24. Qg3 g5 25. Rd1 R8f7 26. Rfd3 Ng8 27. a3 Re7 28. h4 Rff7 29. hxg5 hxg5 30. Qe3 Kh8 31. Rd8 Rh7+ 32. Kg2 Reg7 33. Rf8 Rh4 34. Kg3 Qc7 35. Rdd8 Kh7 36. Rxg8 1-0

[Event "Kiev"]
[Site "Kiev"]
[Date "1989.??.??"]
[Round "?"]
[White "Zhidkov, Valery S"]
[Black "Malaniuk, Vladimir P"]
[Result "1/2-1/2"]
[WhiteElo "2460"]
[BlackElo "2560"]
[PlyCount "32"]
[EventDate "1989.??.??"]
[Source "ChessBase"]

1. e4 e5 2. Nf3 Nc6 3. Bb5 Nd4 4. Bc4 Bc5 5. Nxd4 Bxd4 6. c3 Bb6 7. d4 Qe7 8. O-O Nf6 9. Re1 d6 10. a4 a6 11. a5 Ba7 12. h3 h6 13. Be3 O-O 14. Nd2 Be6 15. dxe5 dxe5 16. Bxa7 Rxa7 1/2-1/2

[Event "Leningrad2"]
[Site "Leningrad"]
[Date "1989.??.??"]
[Round "?"]
[White "Zaichik, Gennadi"]
[Black "Kupreichik, Viktor D"]
[Result "1-0"]
[WhiteElo "2500"]
[BlackElo "2520"]
[PlyCount "47"]
[EventDate "1989.09.??"]
[Source "ChessBase"]

1. e4 e5 2. Nf3 Nc6 3. Bb5 Nd4 4. Nxd4 exd4 5. Bc4 Nf6 6. O-O Bc5 7. e5 Ng8 8. b4 Bxb4 9. Qg4 Bf8 10. Qxd4 Nh6 11. Nc3 Be7 12. Qe4 c6 13. d4 d5 14. exd6 Qxd6 15. Bxh6 Qxh6 16. Rfe1 Qf6 17. Rab1 g6 18. Qe3 Kf8 19. Ne4 Qh4 20. g3 Qh3 21. Qf4 f6 22. Nxf6 Bf5 23. Rxe7 Kxe7 24. Rxb7+ 1-0

[Event "XVII Magistral"]
[Site "Elgoibar ESP"]
[Date "2007.12.13"]
[Round "5"]
[White "Larino Nieto, D."]
[Black "Korneev, O."]
[Result "0-1"]
[WhiteElo "2428"]
[BlackElo "2587"]
[PlyCount "90"]
[EventDate "2007.12.10"]
[Source "www.chesslib.no"]
[SourceDate "2004.05.04"]

1. e4 e5 2. Nf3 Nc6 3. Bb5 Nd4 4. Ba4 Bc5 5. Nxd4 Bxd4 6. c3 Bb6 7. d4 Qe7 8. O-O Nf6 9. Na3 O-O 10. Nc4 Nxe4 11. Re1 d5 12. Nxb6 axb6 13. f3 Qh4 14. Bc2 Nd6 15. dxe5 Bf5 16. g3 Bxc2 17. Qxc2 Qe7 18. Qd1 Rfe8 19. Bf4 Nc4 20. b3 Na3 21. Rc1 c6 22. g4 Nb5 23. Rc2 Rad8 24. a4 Nc7 25. Rd2 b5 26. axb5 Nxb5 27. Rd3 Ra8 28. Kh1 Ra2 29. Bg3 Qa3 30. f4 Qb2 31. Qf3 Nd6 32. c4 Ne4 33. cxd5 cxd5 34. Rxd5 Nf6 35. Rdd1 Nxg4 36. Rb1 Qc2 37. Rbc1 Qb2 38. Rb1 Qc2 39. Rbc1 Qf5 40. Qxb7 h5 41. Ra1 Nf2+ 42. Bxf2 Rxf2 43. Ra8 Qh3 44. Rxe8+ Kh7 45. Qe4+ g6 0-1

[Event "Zenica"]
[Site "Zenica BIH"]
[Date "1986.??.??"]
[Round "5"]
[White "Marjanovic, Slavoljub"]
[Black "Abramovic, Bosko"]
[Result "1-0"]
[WhiteElo "2515"]
[BlackElo "2490"]
[PlyCount "67"]
[EventDate "1986.04.??"]
[Source "www.chesslib.no"]
[SourceDate "2004.05.04"]

1. e4 e5 2. Nf3 Nc6 3. Bb5 Nd4 4. Nxd4 exd4 5. O-O Bc5 6. c3 Ne7 7. Qh5 Bb6 8. a4 c6 9. Be2 d5 10. d3 O-O 11. Nd2 f5 12. exd5 Nxd5 13. Nc4 Bc7 14. Re1 f4 15. Bf3 g6 16. Qh6 Qf6 17. cxd4 Ne7 18. Ne5 Bb6 19. Ng4 Bxg4 20. Bxg4 Nd5 21. Be6+ Kh8 22. Re4 g5 23. Qh5 Rae8 24. Bxd5 Rd8 25. Bc4 Rxd4 26. Re6 Qf5 27. Re8 Rd8 28. Rxf8+ Qxf8 29. Bd2 Bd4 30. Qxg5 Bxb2 31. Re1 Bg7 32. Bxf4 a6 33. Be5 b5 34. Bxg7+ 1-0

[Event "Lvov"]
[Site "Lvov"]
[Date "1988.??.??"]
[Round "?"]
[White "Mikhalchishin, Adrian"]
[Black "Malaniuk, Vladimir P"]
[Result "0-1"]
[WhiteElo "2490"]
[BlackElo "2515"]
[PlyCount "78"]
[EventDate "1988.02.??"]
[Source "ChessBase"]

1. e4 e5 2. Nf3 Nc6 3. Bb5 Nd4 4. Nxd4 exd4 5. Bc4 Nf6 6. O-O Nxe4 7. Bxf7+ Kxf7 8. Qh5+ g6 9. Qd5+ Kg7 10. Qxe4 Qf6 11. d3 Bc5 12. Nd2 h6 13. Nf3 c6 14. b3 Kf7 15. Ne5+ Kg7 16. Nf3 Kf7 17. Bb2 Re8 18. Bxd4 Rxe4 19. Bxf6 Re2 20. Bd4 Rxc2 21. Ne5+ Ke6 22. Bxc5 Kxe5 23. Rfe1+ Kd5 24. Bf8 b6 25. Bxh6 Ba6 26. Re7 c5 27. Rxd7+ Kc6 28. Re7 Bxd3 29. h4 a5 30. Rd1 c4 31. Re6+ Kb7 32. Be3 b5 33. Rb6+ Kc7 34. Rxb5 Rxa2 35. bxc4 Bf5 36. Bf4+ Kc8 37. Rc5+ Kb7 38. Rb5+ Kc8 39. Rd6 Ra7 0-1

[Event "URS-FL"]
[Site "Sverdlovsk"]
[Date "1987.??.??"]
[Round "?"]
[White "Kupreichik, Viktor D"]
[Black "Balashov, Yuri S"]
[Result "1/2-1/2"]
[WhiteElo "2475"]
[BlackElo "2525"]
[PlyCount "29"]
[EventDate "1987.11.??"]
[Source "www.chesslib.no"]
[SourceDate "2004.05.04"]

1. e4 e5 2. Nf3 Nc6 3. Bb5 Nd4 4. Bc4 Nxf3+ 5. Qxf3 Qf6 6. Qxf6 Nxf6 7. d3 d6 8. Bg5 Be7 9. Nc3 Be6 10. Bxe6 fxe6 11. Ke2 Nd7 12. Bxe7 Kxe7 13. Rad1 Rhf8 14. f3 a6 15. Rhf1 1/2-1/2

[Event "Dubai (ol)"]
[Site "?"]
[Date "1986.??.??"]
[Round "?"]
[White "Campora, Daniel Hugo"]
[Black "Fernandez Garcia, J."]
[Result "1/2-1/2"]
[WhiteElo "2515"]
[BlackElo "2485"]
[PlyCount "122"]
[EventDate "1986.??.??"]
[Source "ChessBase"]
[SourceDate "1986.07.01"]

1. e4 e5 2. Nf3 Nc6 3. Bb5 Nd4 4. Nxd4 exd4 5. O-O Bc5 6. d3 c6 7. Ba4 Ne7 8. Qh5 d5 9. Nd2 O-O 10. Bb3 a5 11. exd5 cxd5 12. a4 Ra6 13. Nf3 Rg6 14. h3 h6 15. Bd2 Rf6 16. Nh2 Rf5 17. Qh4 Qc7 18. f4 Ng6 19. Qf2 Bd6 20. g3 h5 21. h4 Ne7 22. Nf3 Nc6 23. Kh2 Bc5 24. Rae1 Qd7 25. Qg2 Re8 26. Rxe8+ Qxe8 27. Re1 Qd8 28. Ng5 g6 29. Re2 Ne7 30. Qg1 Rf6 31. Qe1 b6 32. c4 Bg4 33. Re5 Bd6 34. cxd5 Rf5 35. Rxf5 Nxf5 36. Ne4 Be7 37. d6 Nxd6 38. Ng5 Bf6 39. Bd5 Kg7 40. Ne4 Be7 41. Ng5 Bf6 42. b4 Nf5 43. Bb3 Bxg5 44. fxg5 axb4 45. Qe5+ Kg8 46. Bxb4 Bf3 47. Kg1 Bc6 48. Kf2 Qd7 49. Qb8+ Kh7 50. Bd2 Bxa4 51. Qxb6 Bxb3 52. Qxb3 Ng7 53. Bf4 Qf5 54. Ke2 Ne6 55. Bd6 Qg4+ 56. Kd2 Qf3 57. Qd1 Qc6 58. Be5 Qd5 59. Qe2 Qa5+ 60. Kd1 Qa1+ 61. Kd2 Qc3+ 1/2-1/2

[Event "Chigorin Memorial"]
[Site "St. Petersburg"]
[Date "2004.10.18"]
[Round "3.18"]
[White "Belov, Vladimir"]
[Black "Tishin, Petr"]
[Result "1-0"]
[WhiteElo "2552"]
[BlackElo "2440"]
[PlyCount "73"]
[EventDate "2004.10.15"]
[Source "Roberto Alvarez"]
[SourceDate "2004.11.08"]

1. e4 e5 2. Nf3 Nc6 3. Bb5 Nd4 4. Nxd4 exd4 5. Bc4 g6 6. c3 Bg7 7. Qb3 Qe7 8. O-O Nf6 9. cxd4 Nxe4 10. Nc3 Nxc3 11. dxc3 O-O 12. Bf4 d6 13. Rfe1 Qf6 14. Bg3 Rb8 15. Re2 b5 16. Bd5 a5 17. Rae1 Bd7 18. Re7 Rbe8 19. Bxf7+ Qxf7 20. Qxf7+ Rxf7 21. Rxe8+ Bxe8 22. Rxe8+ Rf8 23. Re7 Rf7 24. Re4 Kf8 25. Kf1 Re7 26. f3 Rxe4 27. fxe4 Ke7 28. Ke2 c5 29. Kd3 c4+ 30. Kc2 a4 31. b3 axb3+ 32. axb3 Ke6 33. d5+ Kd7 34. bxc4 bxc4 35. h3 Kc7 36. Kb2 Bf6 37. Bf2 1-0

[Event "Warsaw op"]
[Site "Warsaw"]
[Date "1992.??.??"]
[Round "3"]
[White "Savon, Vladimir A"]
[Black "Malaniuk, Vladimir P"]
[Result "1/2-1/2"]
[WhiteElo "2440"]
[BlackElo "2550"]
[PlyCount "32"]
[EventDate "1992.??.??"]
[Source "ChessBase"]

1. e4 e5 2. Nf3 Nc6 3. Bb5 Nd4 4. Nxd4 exd4 5. O-O Bc5 6. d3 c6 7. Bc4 d5 8. exd5 cxd5 9. Bb3 Ne7 10. c4 O-O 11. Nd2 Be6 12. cxd5 Nxd5 13. Nf3 f6 14. Bd2 Bf7 15. Rc1 Bb6 16. Re1 Rc8 1/2-1/2

[Event "Cannes Open"]
[Site "Cannes FRA"]
[Date "1989.??.??"]
[Round "?"]
[White "Donchev, Dimitar I"]
[Black "Hector, Jonny"]
[Result "1/2-1/2"]
[WhiteElo "2505"]
[BlackElo "2485"]
[PlyCount "58"]
[EventDate "1989.02.??"]
[Source "www.chesslib.no"]
[SourceDate "2004.05.04"]

1. e4 e5 2. Nf3 Nc6 3. Bb5 Nd4 4. Nxd4 exd4 5. O-O Bc5 6. c3 c6 7. Bc4 d5 8. exd5 cxd5 9. Bb5+ Kf8 10. Re1 Be6 11. b3 Nf6 12. Ba3 Bxa3 13. Nxa3 Qa5 14. Qc1 dxc3 15. dxc3 Rc8 16. Bf1 a6 17. c4 b5 18. Qb2 b4 19. Nc2 Qc5 20. Nd4 Qd6 21. Nxe6+ fxe6 22. Qe5 Rc6 23. Qxd6+ Rxd6 24. a3 bxa3 25. Rxa3 Kf7 26. c5 Rc6 27. Rxa6 Rxc5 28. Raxe6 Rb8 29. Re7+ Kf8 1/2-1/2

[Event "Athens Kallidromio k.o."]
[Site "Athens GRE"]
[Date "1996.??.??"]
[Round "1"]
[White "Kotronias, Vasilios"]
[Black "Kofidis, Andreas"]
[Result "1-0"]
[WhiteElo "2610"]
[BlackElo "2380"]
[PlyCount "117"]
[EventDate "1996.??.??"]
[Source "www.chesslib.no"]
[SourceDate "2004.05.04"]

1. e4 e5 2. Nf3 Nc6 3. Bb5 Nd4 4. Nxd4 exd4 5. O-O c6 6. Ba4 d5 7. exd5 Qxd5 8. Bb3 Qf5 9. d3 Bd6 10. Nd2 Nf6 11. Ne4 Be7 12. Re1 O-O 13. Ng3 Qd7 14. Qf3 Bb4 15. Re2 Qg4 16. Qxg4 Bxg4 17. f3 Bd7 18. a3 Ba5 19. Bg5 Rae8 20. Bxf6 gxf6 21. Ne4 Kg7 22. Kf2 Bc7 23. g3 Re7 24. Nc5 Rxe2+ 25. Kxe2 Re8+ 26. Kf2 Bc8 27. Re1 Rxe1 28. Kxe1 f5 29. Ba2 h5 30. f4 b6 31. Nb3 Be6 32. Nc1 Kf6 33. Bb3 c5 34. Kf2 b5 35. Bxe6 fxe6 36. Nb3 Bb6 37. Nd2 a6 38. Ke2 Bc7 39. Nf3 Bd6 40. b3 Kg6 41. Kd1 Kf6 42. Kc1 Kg6 43. a4 Kf6 44. axb5 axb5 45. Kd1 b4 46. Ke2 Bc7 47. Kf2 Kg6 48. Kg2 Bd6 49. Kh3 Bc7 50. Ng5 Kf6 51. Kh4 e5 52. fxe5+ Kxe5 53. Kxh5 f4 54. Nf3+ Kf6 55. g4 Bd6 56. g5+ Kf5 57. h3 Be7 58. Kh6 Bf8+ 59. Kh7 1-0

[Event "Munich zt"]
[Site "Munich"]
[Date "1987.??.??"]
[Round "?"]
[White "Gruenfeld, Yehuda"]
[Black "Shvidler, Eliahu"]
[Result "1-0"]
[WhiteElo "2540"]
[BlackElo "2450"]
[PlyCount "91"]
[EventDate "1987.01.??"]
[Source "ChessBase"]

1. e4 e5 2. Nf3 Nc6 3. Bb5 Nd4 4. Ba4 c6 5. O-O Qa5 6. Nxd4 Qxa4 7. Nf3 d6 8. Re1 Ne7 9. b3 Qa5 10. d4 Ng6 11. Nbd2 Qc7 12. Ba3 Be7 13. Nc4 O-O 14. dxe5 dxe5 15. Bd6 Bxd6 16. Qxd6 Qxd6 17. Nxd6 b6 18. c4 Rd8 19. c5 Bg4 20. Nd2 Nf4 21. N2c4 Nd3 22. Re3 Nxc5 23. b4 Na6 24. Nxf7 Kxf7 25. Nxe5+ Ke6 26. Nxg4 h5 27. Ra3 Nxb4 28. Ne3 a5 29. Rc3 Rd3 30. Rac1 Rad8 31. a3 Rxc3 32. Rxc3 Rd3 33. Rxd3 Nxd3 34. Nc4 Nc5 35. f3 a4 36. Nxb6 Ke5 37. Kf2 Kd4 38. h4 Nd3+ 39. Ke2 Nb2 40. Kd2 c5 41. e5 c4 42. e6 c3+ 43. Kc2 Nd3 44. e7 Ne1+ 45. Kc1 Nd3+ 46. Kd1 1-0

[Event "Montpellier op 7th"]
[Site "Montpellier"]
[Date "2000.??.??"]
[Round "6"]
[White "Apicella, Manuel"]
[Black "Flear, Glenn C"]
[Result "1/2-1/2"]
[WhiteElo "2506"]
[BlackElo "2480"]
[PlyCount "64"]
[EventDate "2000.07.05"]
[Source "www.chesslib.no"]
[SourceDate "2004.05.04"]

1. e4 e5 2. Nf3 Nc6 3. Bb5 Nd4 4. Nxd4 exd4 5. O-O Bc5 6. c3 c6 7. Ba4 Ne7 8. b4 Bb6 9. c4 d6 10. d3 O-O 11. Bb2 Ng6 12. b5 c5 13. f4 f5 14. g3 Ba5 15. Nd2 Bxd2 16. Qxd2 b6 17. Bd1 Bb7 18. Bf3 fxe4 19. dxe4 a6 20. a4 axb5 21. axb5 Rxa1 22. Bxa1 Qa8 23. Qc2 Ne5 24. fxe5 Rxf3 25. Rxf3 Bxe4 26. Ra3 Qxa3 27. Qxe4 Qxa1+ 28. Kg2 dxe5 29. Qd5+ Kf8 30. Qd6+ Kf7 31. Qc7+ Kf6 32. Qd8+ Kf7 1/2-1/2

[Event "Chigorin mem"]
[Site "St Petersburg"]
[Date "1998.11.03"]
[Round "4"]
[White "Vaulin, Alexander"]
[Black "Orlov, Vassily"]
[Result "1/2-1/2"]
[WhiteElo "2550"]
[BlackElo "2435"]
[PlyCount "64"]
[EventDate "1998.10.31"]
[Source "ChessBase"]
[SourceDate "1999.01.01"]

1. e4 e5 2. Nf3 Nc6 3. Bb5 Nd4 4. Nxd4 exd4 5. O-O Bc5 6. d3 c6 7. Bc4 d5 8. exd5 cxd5 9. Bb5+ Bd7 10. c4 Ne7 11. Nd2 O-O 12. Nb3 dxc4 13. Bxc4 Qc7 14. Bd2 Bd6 15. Rc1 Bxh2+ 16. Kh1 Qd6 17. Qh5 Bf4 18. Bxf4 Qxf4 19. Rce1 Nf5 20. Bd5 g6 21. Qh2 Qxh2+ 22. Kxh2 Rab8 23. g4 Nd6 24. Kg3 Bb5 25. Rd1 Ba4 26. Rc1 Bxb3 27. Bxb3 Rfe8 28. Rc7 Rbd8 29. Rfc1 Kf8 30. Kf3 Re7 31. Rxe7 Kxe7 32. g5 Rc8 1/2-1/2

[Event "Winnipeg"]
[Site "?"]
[Date "1986.??.??"]
[Round "?"]
[White "Sigurjonsson, G."]
[Black "Kupreichik, V."]
[Result "0-1"]
[WhiteElo "2490"]
[BlackElo "2490"]
[PlyCount "62"]
[EventDate "1986.??.??"]
[Source "ChessBase"]
[SourceDate "1986.07.01"]

1. e4 e5 2. Nf3 Nc6 3. Bb5 Nd4 4. Nxd4 exd4 5. O-O Bc5 6. d3 c6 7. Bc4 d5 8. exd5 cxd5 9. Bb5+ Kf8 10. c3 Ne7 11. cxd4 Bxd4 12. Nc3 g6 13. Bh6+ Kg8 14. Re1 Be6 15. Bg5 h6 16. Be3 Nf5 17. Bxd4 Nxd4 18. Ba4 Qg5 19. Kh1 Rc8 20. Bb3 Kg7 21. Qc1 a6 22. Qe3 Qf6 23. Bd1 Nc2 24. Bxc2 d4 25. Qe2 dxc3 26. bxc3 Qxc3 27. Bb3 Bxb3 28. axb3 Rhe8 29. Qf1 Qxb3 30. Reb1 Qd5 31. Qd1 Rc3 0-1

[Event "EU-chT (Men)"]
[Site "Haifa"]
[Date "1989.??.??"]
[Round "7"]
[White "Georgiev, Krum"]
[Black "Hector, Jonny"]
[Result "1-0"]
[WhiteElo "2480"]
[BlackElo "2500"]
[PlyCount "103"]
[EventDate "1989.11.??"]
[Source "ChessBase"]

1. e4 e5 2. Nf3 Nc6 3. Bb5 Nd4 4. Ba4 b5 5. Bb3 Nxb3 6. axb3 Nf6 7. O-O d6 8. d4 Bb7 9. Re1 a6 10. Nc3 Be7 11. dxe5 dxe5 12. Qxd8+ Rxd8 13. Nxe5 b4 14. Nd5 Nxd5 15. exd5 Rxd5 16. Bf4 g5 17. Bxg5 f6 18. Nc6 Bxc6 19. Bxf6 O-O 20. Bxe7 Rf4 21. g3 Rfd4 22. Rxa6 Re4 23. Bxb4 Rxe1+ 24. Bxe1 Bd7 25. Ra1 Re5 26. h4 Re2 27. Rc1 Bf5 28. Kf1 Rxc2 29. Rxc2 Bxc2 30. b4 Bd3+ 31. Kg2 Kf7 32. Kf3 h5 33. Kf4 Kg6 34. f3 c6 35. g4 Be2 36. Bf2 Bd1 37. Bd4 Be2 38. Bb6 Bd1 39. Bd8 Be2 40. Bg5 Bd1 41. Bd8 Be2 42. g5 Bd1 43. Ke4 Bb3 44. Ke5 Bc2 45. f4 Bd3 46. Bb6 Bc2 47. Bf2 Bd3 48. Bg3 Bc2 49. Be1 Bd3 50. b3 Bc2 51. Kd6 Kf5 52. Kxc6 1-0